000 03336cam a22005774i 4500
003 PE-LiUPU
005 20250731173134.0
008 150623s r 000 0 d
020 _a0828013306
035 _a(Sirsi) i9780828013307
040 _aPE-LiUPU
_bspa
_cPE-LiUPU
_erda
049 _aPRUA
050 0 0 _aBT212
_b.Z87 1999
082 0 4 _a232.8
_bZ99
_221
082 0 4 _a286.732092
_bZ99
_221
100 1 _aZurcher, J.R.,
_d1918-
_qJean Rudolf,
_eautor.
245 1 0 _aTouched with our feelings :
_ba historical survey of adventist thought on the human nature of Christ /
_cJ. R. Zurcher.
264 1 _aHagerstown, Maryland :
_bReview and Herald Publishing Association,
_c1999.
300 _a308 páginas ;
_c23 centímetros
336 _atext
_2rdacontent
337 _aunmediated
_2rdamedia
338 _avolume
_2rdacarrier
504 _aIncluye referencias bibliográficas.
505 0 _aThe divine and human nature of Jesus Christ: The Divinity of Christ. -Christ's human nature. The Christology of the pioneers of the adventist church: The Christology of Ellen G. White (1827-1915). -Ellet J. Waggoner (1855-1916). -Alonzo T, Jones (1850-1923). -William Warren Prescott (1855-1944). -The Holy flesh movement. Extracts from official church publications (1895-1952): Extracts from official publications (1895-1915). -Extracts from official publications (1916-1952). The christological controversy at the heart of the adventist church: "Adventism's new milestone". -First reactions to the book. -Reaction to the new christology (1970 to 1979). -The crest of the controversy. -In search of historical truth. A return to sources of adventist and biblical christology: Evaluation and critique. -Biblical data of christology.
526 _aSEG42
526 _aSEG41
526 _aSEG40
526 _aSEG39
526 _aP94
526 _aP87
526 _aP86
526 _aP85
526 _aP77
526 _aP76
526 _aP35
541 _g005-003288;
541 _g10606;
600 1 _aJesucristo
_xHumanidad
650 0 4 _aJesucristo
_xDivinidad.
650 0 4 _aPerfección
_xCristianismo.
942 _2ddc
_cBOOK
949 _a232.8 Z99
_wDEWEY
_c1
_i52208
_f2017-2-14
_g1
_lCCODEBUL1
_mBUL
_p15.00
_r0
_sY
_tBOOK
_u2015-6-24
_xTEOLOGIA
_PP35
_0COMPRA
_o.STAFF. Colección General
949 _a232.8 Z99
_wDEWEY
_c2
_i58691
_lCIA
_mBWL
_p20.00
_r1
_sY
_tBOOK
_u2015-6-24
_xWHITE
_zUNKNOWN
_0COMPRA
_o.STAFF. Colección General
949 _a232.8 Z99
_wDEWEY
_c3
_i59421
_lCIA
_mBWL
_p16.00
_r1
_sY
_tBOOK
_u2015-6-24
_xWHITE
_zUNKNOWN
_0COMPRA
_o.STAFF. Colección General
994 _aC0
_bPEPRU
596 _a1 4
999 _a232.8 Z99
_wDEWEY
_c34019
_i52208
_d34019
_f2021-11-10
_g4
_lCCODEBUL1
_mBUL
_p15.00
_q1
_r0
_sY
_tBOOK
_u2015-6-24
_xTEOLOGIA
_PP35
_0COMPRA
_o.STAFF. Colección General
999 _a286.732092 Z99 1999
_wDEWEY
_c1
_iCW58691
_f2021-12-23
_g1
_lCCODECWL1
_mBWL
_p20.00
_r0
_sY
_tBOOK
_u2015-6-24
_xWHITE
_zUNKNOWN
_0COMPRA
_o.STAFF. Centro White
999 _a286.732092 Z99 1999
_wDEWEY
_c2
_iCW59421
_f2021-12-22
_g2
_lCCODECWL1
_mBWL
_p16.00
_r0
_sY
_tBOOK
_u2015-6-24
_xWHITE
_zUNKNOWN
_0COMPRA
_o.STAFF. Centro White
980 _81
_gALBERTO SANCHEZ Responsable de Automatización